| 000 | 00403nam a22001457a 4500 | ||
|---|---|---|---|
| 082 | _a006.78 CHE | ||
| 100 | _aCheshire, Jim | ||
| 245 | _a Microsoft Expression Web 4 in depth : updated for Service Pack 2 - HTML 5, CSS 3, JQuery | ||
| 250 | _a2nd ed. | ||
| 260 |
_aUSA _bQue Publishing _c2013 |
||
| 300 | _a768p. : | ||
| 650 | _aWeb sites--Authoring programs | ||
| 700 | _aJim Cheshire | ||
| 942 | _cBK | ||
| 999 |
_c11647 _d11647 |
||